Τα συγκρουσιακά θέματα στη διδασκαλία της ιστορίας
Αποθηκεύτηκε σε:
| Κύριος συγγραφέας: | |
|---|---|
| Άλλοι συγγραφείς: | , , |
| Μορφή: | Βιβλίο |
| Γλώσσα: | Greek |
| Δημοσίευση: |
Αθήνα :
Νοόγραμμα,
c2010.
|
| Σειρά: | Ιστορία και εκπαίδευση
|
| Θέματα: | |
| Ετικέτες: |
Προσθήκη ετικέτας
Δεν υπάρχουν, Καταχωρήστε ετικέτα πρώτοι!
|
MARC
| LEADER | 00000cam a2200000 i 4500 | ||
|---|---|---|---|
| 001 | 1/15642 | ||
| 008 | 111012s2010 gr | ||| |||| ||gre|| | ||
| 020 | |a 9789608824645 | ||
| 035 | |l 10111063 | ||
| 040 | |a GR-MY-UA |b gre |e aacr | ||
| 041 | 0 | |a gre | |
| 082 | 7 | |a 907 |2 (22) | |
| 100 | 1 | |a Κόκκινος, Γιώργος, |d 1960- | |
| 245 | 1 | 3 | |a Τα συγκρουσιακά θέματα στη διδασκαλία της ιστορίας / |c Γ.Κόκκινος, Δ.Κ. Μαυροσκούφης, Π. Γατσωτής, Έ.Λεμονίδου. |
| 260 | |a Αθήνα : |b Νοόγραμμα, |c c2010. | ||
| 300 | |a 255 σ. ; |c 20 εκ. | ||
| 490 | 1 | |a (Ιστορία και εκπαίδευση) | |
| 650 | 0 | 0 | |a History |x Study and teaching. |
| 650 | 0 | 0 | |a Critical thinking. |
| 651 | 0 | |a France |x History |x Study and teaching. | |
| 700 | 1 | |a Γατσωτής, Παναγιώτης. | |
| 700 | 1 | |a Λεμονίδου, Έλλη. | |
| 700 | 1 | |a Μαυροσκούφης, Δημήτρης Κ. | |
| 830 | 0 | |a Ιστορία και εκπαίδευση | |
| 852 | |a INST |b RHODES |c EUDOXUS |e 20111012 |h 907 ΣΥΓ |p 005400033703 |q 005400033703 |t EDX |y 0 | ||
| 901 | |a BIBL4-2011-3 | ||
| 909 | |a Ρ |b 170352 | ||
| 920 | |a ΕΥΔΟΞΟΣ |b ΕΠΙΣΤΡΟΦΗ |y Ρόδος |z 2011-10 | ||
| 970 | |z 2011/05/ | ||